Solving local government problems : practical applications of operations research in cities and regions /

Bibliographic Details
Main Author: Pinkus, Charles E.
Other Authors: Dixson, Anne
Format: Book
Language:English
Published: London ; Boston : George Allen & Unwin, 1981.
Subjects:

MARC

Tag First Indicator Second Indicator Subfields
LEADER 00000cam a2200000 a 4500
001 in00000283913
005 20151010091640.0
008 811105s1981 enkbd b 00110 eng d
020 |a 0046582339 (pbk.) 
020 |a 0046582320 
035 |a (OCoLC)07909884 
035 |9 ABG5936AM 
040 |a KSC  |c KSC  |d TXA  |d UtOrBLW 
043 |a e-uk--- 
049 |a TXAM  |c [389878] 
090 |a JS3111  |b  P55 
100 1 |a Pinkus, Charles E. 
245 1 0 |a Solving local government problems :  |b practical applications of operations research in cities and regions /  |c Charles E. Pinkus, Anne Dixson. 
264 1 |a London ;  |a Boston :  |b George Allen & Unwin,  |c 1981. 
300 |a xi, 310 pages :  |b maps, charts ;  |c 24 cm. 
336 |a text  |b txt  |2 rdacontent 
337 |a unmediated  |b n  |2 rdamedia 
338 |a volume  |b nc  |2 rdacarrier 
504 |a Includes bibliographical references and index. 
536 |a Dr. Paul P. Van Riper collection, Department of Political Science. 
650 0 |a Local government  |z Great Britain. 
650 0 |a Operations research. 
700 1 |a Dixson, Anne. 
999 |a MARS 
999 f f |s cb78d7a2-4c59-3432-b86c-477a2765791e  |i 80d11dc0-b7d7-312c-846f-0405b68752f1  |t 0 
952 f f |p ric  |a Texas A&M University  |b Rellis Campus  |c Joint Library Facility  |d Remote Storage  |t 0  |e JS3111 P55  |h Library of Congress classification  |i unmediated -- volume  |m A14806356969 
998 f f |a JS3111 P55  |t 0  |l Remote Storage